El cine o el hombre imaginario (Record no. 107178)

MARC details
000 -LEADER
campo de control de longitud fija 00709nam a2200217 i 4500
001 - NÚMERO DE CONTROL
campo de control 107178
003 - IDENTIFICADOR DE NÚMERO DE CONTROL
campo de control ES-MaACL
005 - FECHA Y HORA DE LA ÚLTIMA TRANSACCIÓN
campo de control 20231114062536.0
007 - CAMPO FIJO DE DESCRIPCIÓN FÍSICA--INFORMACIÓN GENERAL
campo de control de longitud fija t|
008 - DATOS DE LONGITUD FIJA--INFORMACIÓN GENERAL
campo de control de longitud fija 061121s1961 sp r ||||1| spa d
100 1# - ENTRADA PRINCIPAL--NOMBRE DE PERSONA
Nombre de persona Morin, Edgar.
9 (RLIN) 83564
245 13 - MENCIÓN DEL TÍTULO
Título El cine o el hombre imaginario
Resto del título : ensayo de antropología /
Mención de responsabilidad, etc. Edgar Morin ; traducción de Ramón Gil Novales.
260 ## - PUBLICACIÓN, DISTRIBUCIÓN, ETC.
Lugar de publicación, distribución, etc. Barcelona :
Nombre del editor, distribuidor, etc. Seix Barral,
Fecha de publicación, distribución, etc. 1961.
300 ## - DESCRIPCIÓN FÍSICA
Extensión 322 p. ;
Dimensiones 18 cm.
490 1# - MENCIÓN DE SERIE
Mención de serie Biblioteca breve ;
Designación de volumen o secuencia 161
650 ## - PUNTO DE ACCESO ADICIONAL DE MATERIA--TÉRMINO DE MATERIA
Término de materia o nombre geográfico como elemento de entrada Cine-
Subdivisión general Aspectos psicológicos.
9 (RLIN) 171059
700 1# - ENTRADA AGREGADA--NOMBRE PERSONAL
Nombre de persona Gil Novales, Ramón.
9 (RLIN) 56852
830 1# - PUNTO DE ACCESO ADICIONAL DE SERIE-TÍTULO UNIFORME
Título uniforme Biblioteca breve (Seix Barral)
Designación de volumen o secuencia 161
9 (RLIN) 227188
852 ## - LOCALIZACIÓN
Ubicación ES-MaACL
Número de control de estantería C-20299
Holdings
Estatus retirado Estado de pérdida Estado de daño No para préstamo Biblioteca de origen Biblioteca actual Ubicación en estantería Fecha de adquisición Fuente de adquisición Total de préstamos Signatura topográfica completa Código de barras Visto por última vez Precio de reemplazo Tipo de ítem Koha
        Biblioteca del Ateneo de Madrid Biblioteca del Ateneo de Madrid Galería 17/01/2008     C-20299 1111866 23/02/2023 23/02/2023 Libro impreso